[Event "Ruhrgebiet Regionalliga 1617"]
[Site "Germany"]
[Date "2017.03.19"]
[Round "8.7"]
[White "Mustafic, Mustafa"]
[Black "Simanowski, Mio"]
[Result "0-1"]
[WhiteElo "1784"]
[BlackElo "1948"]
[PlyCount "76"]
[EventDate "2016.09.11"]
[EventType "team-tourn"]
[EventRounds "9"]
[EventCountry "GER"]
[SourceTitle "EXT 2022"]
[Source "ChessBase"]
[SourceDate "2021.10.06"]
[SourceVersion "1"]
[SourceVersionDate "2021.10.06"]
[SourceQuality "1"]
[WhiteTeam "Hamm SV"]
[BlackTeam "Muelheim Nord III"]
[WhiteTeamCountry "GER"]
[BlackTeamCountry "GER"]

1. e4 e5 2. Bc4 Nf6 3. d3 Bc5 4. Nf3 d6 5. Bg5 h6 6. Bh4 Be6 7. Nbd2 Nbd7 8. c3 c6 9. Bb3 Qc7 10. Nc4 Bg4 11. Ne3 Bxe3 12. fxe3 Qb6 13. Bf2 Nc5 14. h3 Bh5 15. g4 Bg6 16. Nh4 0-0-0 17. Nf5 d5 18. exd5 Nxd5 19. Bxd5 cxd5 20. b4 Ne6 21. Ne7+ Kb8 22. Nxd5 Rxd5 23. e4 Qc6 24. exd5 Qxc3+ 25. Kf1 Bxd3+ 26. Kg1 Nf4 27. Kh2 Be2 28. Qb3 Qc7 29. Rac1 Qd6 30. Bc5 Qf6 31. Be3 Qh4 32. Bc5 Bd3 33. Qxd3 Nxd3 34. Bd6+ Ka8 35. Rc2 Nf4 36. Rhc1 Qxh3+ 37. Kg1 Qxg4+ 38. Kf2 Nd3+ 0-1

[Event "Ruhrgebiet Regionalliga 1617"]
[Site "Germany"]
[Date "2017.02.05"]
[Round "6.7"]
[White "Simanowski, Mio"]
[Black "Friedrich, Patrick"]
[Result "1-0"]
[WhiteElo "1948"]
[BlackElo "1972"]
[PlyCount "121"]
[EventDate "2016.09.11"]
[EventType "team-tourn"]
[EventRounds "9"]
[EventCountry "GER"]
[SourceTitle "EXT 2022"]
[Source "ChessBase"]
[SourceDate "2021.10.06"]
[SourceVersion "1"]
[SourceVersionDate "2021.10.06"]
[SourceQuality "1"]
[WhiteTeam "Muelheim Nord III"]
[BlackTeam "Borbeck Weisse Dame"]
[WhiteTeamCountry "GER"]
[BlackTeamCountry "GER"]

1. e4 c5 2. Nf3 Nc6 3. Bb5 d6 4. 0-0 Bd7 5. Re1 e5 6. c3 Qc7 7. d4 a6 8. Bc4 Nf6 9. dxc5 dxc5 10. Ng5 Nd8 11. Nd2 Be7 12. Nf1 0-0 13. Ne3 h6 14. Nf3 Nc6 15. Nd5 Qd8 16. a4 Bg4 17. Nxf6+ Bxf6 18. Be3 b6 19. Bd5 Qc7 20. b4 c4 21. Bxc4 Ne7 22. Qb3 Bxf3 23. gxf3 Ng6 24. Kh1 Nh4 25. Be2 Bg5 26. Bxg5 hxg5 27. Rg1 Qe7 28. a5 b5 29. c4 bxc4 30. Bxc4 Rab8 31. Rab1 Qf6 32. Rg3 Rbd8 33. Qe3 Rd4 34. Be2 Rfd8 35. Qxg5 R8d6 36. Qg4 Rd8 37. Qg5 R8d6 38. Qe3 Ng6 39. Qc3 Nf4 40. Bf1 Rd1 41. Rxd1 Rxd1 42. Rg1 Kh7 43. Qc2 Ra1 44. Qc8 g6 45. Bxa6 Qg5 46. Qg4 Rxg1+ 47. Qxg1 Qe7 48. b5 Qc5 49. b6 Qxa5 50. b7 Qb6 51. Qf1 Qb3 52. h3 Qb6 53. Kh2 Kh6 54. Qe1 Qe6 55. Qf1 Qb6 56. Qg1 Qb2 57. Qe1 Qb6 58. Qe3 Qxa6 59. b8Q Qf1 60. Qh8+ Kg5 61. h4# 1-0

[Event "Ruhrgebiet Verbandsklasse Gruppe 2 1516"]
[Site "Germany"]
[Date "2016.04.24"]
[Round "9.1"]
[White "Simanowski, Mio"]
[Black "Quast, Marcel"]
[Result "0-1"]
[WhiteElo "1917"]
[BlackElo "2199"]
[PlyCount "54"]
[EventDate "2015.09.06"]
[EventType "team-tourn"]
[EventRounds "9"]
[EventCountry "GER"]
[SourceTitle "EXT 2022"]
[Source "ChessBase"]
[SourceDate "2021.10.06"]
[SourceVersion "1"]
[SourceVersionDate "2021.10.06"]
[SourceQuality "1"]
[WhiteTeam "Muelheim Nord IV"]
[BlackTeam "Gerthe Werne"]
[WhiteTeamCountry "GER"]
[BlackTeamCountry "GER"]

1. e4 e5 2. Nf3 d6 3. Bc4 Be7 4. 0-0 Nf6 5. Re1 0-0 6. c3 c6 7. d4 Nbd7 8. dxe5 dxe5 9. a4 Qc7 10. Nbd2 Nc5 11. b4 Ne6 12. Bb3 Rd8 13. Qc2 b5 14. Bb2 a5 15. axb5 cxb5 16. Rxa5 Rxa5 17. bxa5 Nc5 18. Ra1 h6 19. c4 Nd3 20. a6 Qa7 21. c5 Bxc5 22. Nxe5 Nxe5 23. Bxe5 Ng4 24. Qc3 Nxe5 25. Qxe5 Bd4 26. Bxf7+ Qxf7 27. Qb8 Bxa1 0-1

[Event "Ruhrgebiet Verbandsliga Gruppe 2 1415"]
[Site "Germany"]
[Date "2015.03.01"]
[Round "7.3"]
[White "Simanowski, Mio"]
[Black "Haase, Thomas Konstantin"]
[Result "1-0"]
[WhiteElo "1877"]
[BlackElo "2024"]
[PlyCount "79"]
[EventDate "2014.09.21"]
[EventType "team-tourn"]
[EventRounds "9"]
[EventCountry "GER"]
[SourceTitle "EXT 2022"]
[Source "ChessBase"]
[SourceDate "2021.10.06"]
[SourceVersion "1"]
[SourceVersionDate "2021.10.06"]
[SourceQuality "1"]
[WhiteTeam "Muelheim Nord IV"]
[BlackTeam "Bochum SG III"]
[WhiteTeamCountry "GER"]
[BlackTeamCountry "GER"]

1. e4 c5 2. Nf3 d6 3. d4 cxd4 4. Qxd4 Nc6 5. Bb5 e5 6. Qd3 Be7 7. Nc3 Nf6 8. Nd5 0-0 9. Nxe7+ Qxe7 10. Bg5 h6 11. Bh4 Rd8 12. 0-0-0 Be6 13. a3 Rac8 14. Rhg1 a6 15. Bxc6 Rxc6 16. Nxe5 Rc5 17. Nf3 Rdc8 18. c3 Bg4 19. h3 Bh5 20. Rge1 Qe6 21. Nd4 Qa2 22. g4 Bg6 23. Bxf6 gxf6 24. Nf5 Bxf5 25. gxf5 R8c6 26. Qc2 Rb6 27. b4 Qxa3+ 28. Kd2 Rxb4 29. Rb1 Rxb1 30. Rxb1 b5 31. Rb2 Rc4 32. f3 Qc5 33. Qd3 a5 34. Rc2 a4 35. Qe3 Qxe3+ 36. Kxe3 b4 37. Kd3 b3 38. Rg2+ Kf8 39. Kxc4 d5+ 40. exd5 1-0

[Event "Ruhrgebiet Verbandsliga Gruppe 2 1415"]
[Site "Germany"]
[Date "2014.10.19"]
[Round "2.2"]
[White "Simanowski, Mio"]
[Black "Sicars, Thorsten"]
[Result "1/2-1/2"]
[WhiteElo "1877"]
[BlackElo "1960"]
[PlyCount "38"]
[EventDate "2014.09.21"]
[EventType "team-tourn"]
[EventRounds "9"]
[EventCountry "GER"]
[SourceTitle "EXT 2022"]
[Source "ChessBase"]
[SourceDate "2021.10.06"]
[SourceVersion "1"]
[SourceVersionDate "2021.10.06"]
[SourceQuality "1"]
[WhiteTeam "Muelheim Nord IV"]
[BlackTeam "Wattenscheid SV III"]
[WhiteTeamCountry "GER"]
[BlackTeamCountry "GER"]

1. e4 c6 2. d4 d5 3. Nc3 dxe4 4. Nxe4 Bf5 5. Ng3 Bg6 6. Nf3 Nd7 7. Bd3 Bxd3 8. Qxd3 e6 9. 0-0 Ngf6 10. Bf4 Be7 11. Rad1 0-0 12. c4 Re8 13. Rfe1 Qb6 14. b3 a5 15. Nd2 Rad8 16. Be3 c5 17. Nde4 cxd4 18. Bxd4 Qc7 19. Qf3 e5 1/2-1/2

[Event "Dortmund Sparkassen op-A"]
[Site "Dortmund"]
[Date "2014.07.19"]
[Round "8"]
[White "Simanowski, Mio"]
[Black "Brik, Maxim"]
[Result "1-0"]
[WhiteElo "1904"]
[BlackElo "1823"]
[PlyCount "157"]
[EventDate "2014.07.12"]
[EventType "swiss"]
[EventRounds "9"]
[EventCountry "GER"]
[SourceTitle "CBM 161 Extra"]
[Source "ChessBase"]
[SourceDate "2014.08.29"]
[SourceVersion "1"]
[SourceVersionDate "2014.08.29"]
[SourceQuality "1"]

1. e4 e6 2. d4 d5 3. exd5 exd5 4. Nf3 Bd6 5. Bd3 Nf6 6. 0-0 0-0 7. Bg5 Bg4 8. c3 Nbd7 9. Nbd2 c6 10. Qc2 h6 11. Bh4 Qc7 12. Bg3 Nh5 13. Bxd6 Qxd6 14. Bf5 Bxf5 15. Qxf5 g6 16. Qc2 Rfe8 17. Rfe1 Nhf6 18. Qb3 b6 19. Qa4 Ne4 20. Nxe4 dxe4 21. Nd2 Nf6 22. f3 b5 23. Qc2 e3 24. Ne4 Nxe4 25. fxe4 Qf4 26. e5 c5 27. Rf1 Qg4 28. h3 Qh4 29. Qd3 cxd4 30. cxd4 Rad8 31. Qb3 Re7 32. Qxe3 Qxd4 33. Rae1 Qxe3+ 34. Rxe3 Rd5 35. Rfe1 Re6 36. Kf2 a5 37. Kf3 Rd4 38. Re4 Rxe4 39. Kxe4 Kf8 40. Kd5 Rb6 41. Rc1 Rb8 42. Rc2 b4 43. b3 Rd8+ 44. Ke4 Rd1 45. Kf3 Ke7 46. Rc5 Rd3+ 47. Ke2 Rg3 48. Kf2 Rc3 49. Rxc3 bxc3 50. Ke3 Ke6 51. Kd3 Kxe5 52. Kxc3 Kd5 53. b4 a4 54. a3 f5 55. g3 g5 56. Kd3 h5 57. Ke3 Ke5 58. Kf3 Kd5 59. h4 gxh4 60. gxh4 Ke5 61. Ke3 Kd5 62. Kf4 Ke6 63. b5 Kd6 64. Kxf5 Kc5 65. Kg5 Kxb5 66. Kxh5 Kc4 67. Kg4 Kb3 68. h5 Kxa3 69. h6 Kb2 70. h7 a3 71. h8Q+ Kb1 72. Qh7+ Kb2 73. Qg7+ Kb1 74. Qg6+ Kb2 75. Qf6+ Kb1 76. Qf5+ Kb2 77. Qe5+ Kb1 78. Qe4+ Kb2 79. Qb4+ 1-0

[Event "Dortmund Sparkassen op-A"]
[Site "Dortmund"]
[Date "2014.07.15"]
[Round "4"]
[White "Schulze, Marc Andre"]
[Black "Simanowski, Mio"]
[Result "1-0"]
[WhiteElo "1980"]
[BlackElo "1904"]
[PlyCount "42"]
[EventDate "2014.07.12"]
[EventType "swiss"]
[EventRounds "9"]
[EventCountry "GER"]
[SourceTitle "CBM 161 Extra"]
[Source "ChessBase"]
[SourceDate "2014.08.29"]
[SourceVersion "1"]
[SourceVersionDate "2014.08.29"]
[SourceQuality "1"]

1. d4 d5 2. Bf4 c6 3. e3 Nf6 4. Nf3 Nbd7 5. c4 e6 6. Nc3 Bb4 7. Bd3 0-0 8. 0-0 b6 9. cxd5 Nxd5 10. Nxd5 cxd5 11. Qa4 a5 12. a3 Be7 13. Rac1 Ba6 14. Bc7 Qe8 15. Bxa6 Rxa6 16. Qb5 Ra7 17. Rc2 Bd8 18. Rfc1 Qe7 19. Rc6 Qe8 20. Bd6 Be7 21. Bxe7 Qxe7 1-0

[Event "NRW Verbandsklasse playoff"]
[Site "Nordrheinwestfalen"]
[Date "2014.05.11"]
[Round "1.1"]
[White "Watzlawek, Markus"]
[Black "Simanowski, Mio"]
[Result "1-0"]
[WhiteElo "2056"]
[BlackElo "1936"]
[PlyCount "59"]
[EventDate "2014.05.11"]
[EventType "team-tourn"]
[EventRounds "2"]
[EventCountry "GER"]
[SourceTitle "EXT 2020"]
[Source "ChessBase"]
[SourceDate "2019.10.17"]
[SourceVersion "1"]
[SourceVersionDate "2019.10.17"]
[SourceQuality "1"]
[WhiteTeam "Eichlinghofen SV"]
[BlackTeam "Muelheim Nord IV"]
[WhiteTeamCountry "GER"]
[BlackTeamCountry "GER"]

1. d4 d5 2. Nf3 Nf6 3. c4 c6 4. Nc3 e6 5. e3 Nbd7 6. Bd3 Be7 7. 0-0 0-0 8. e4 dxe4 9. Nxe4 Nxe4 10. Bxe4 Nf6 11. Bc2 c5 12. Bg5 cxd4 13. Qd3 g6 14. Rad1 Nh5 15. Bxe7 Qxe7 16. Qxd4 f6 17. c5 e5 18. Qd6 Qxd6 19. Rxd6 Kf7 20. Bb3+ Ke7 21. Re1 Rd8 22. Nxe5 Rxd6 23. cxd6+ Kxd6 24. Nf7+ Kc5 25. Re8 b6 26. Nd8 Kb5 27. Ne6 Kc6 28. g4 Bxe6 29. Rxe6+ Kd7 30. gxh5 1-0

[Event "NRW Verbandsklasse Group2 1314"]
[Site "Nordrheinwestfalen"]
[Date "2013.10.13"]
[Round "2.2"]
[White "Titschert, Julian"]
[Black "Simanowski, Mio"]
[Result "1/2-1/2"]
[WhiteElo "1852"]
[BlackElo "1950"]
[PlyCount "60"]
[EventDate "2013.09.08"]
[EventType "team-tourn"]
[EventRounds "9"]
[EventCountry "GER"]
[SourceTitle "EXT 2020"]
[Source "ChessBase"]
[SourceDate "2019.10.17"]
[SourceVersion "1"]
[SourceVersionDate "2019.10.17"]
[SourceQuality "1"]
[WhiteTeam "Luenen Horstmar SC"]
[BlackTeam "Muelheim Nord IV"]
[WhiteTeamCountry "GER"]
[BlackTeamCountry "GER"]

1. d4 d5 2. c4 c6 3. Nf3 Nf6 4. Qb3 e6 5. Bf4 Nbd7 6. e3 Be7 7. Bd3 0-0 8. 0-0 b6 9. cxd5 Nxd5 10. Bg3 c5 11. Nc3 N7f6 12. Rfd1 cxd4 13. Nxd4 Bb7 14. Rac1 Bd6 15. Bxd6 Qxd6 16. Ne4 Nxe4 17. Bxe4 Rfc8 18. f4 Rc5 19. Nb5 Qe7 20. Rxc5 Qxc5 21. Kf2 a6 22. Nd4 Rc8 23. Rd2 Qd6 24. Nf3 f5 25. Bxd5 Bxd5 26. Qd3 a5 27. Ne5 Qc7 28. b3 Qb7 29. h3 Kf8 30. g4 g6 1/2-1/2

[Event "Dortmund Sparkassen op-A"]
[Site "Dortmund"]
[Date "2013.07.28"]
[Round "2"]
[White "Simanowski, Mio"]
[Black "Kozlov, Alexander"]
[Result "1/2-1/2"]
[WhiteElo "1864"]
[BlackElo "2172"]
[PlyCount "81"]
[EventDate "2013.07.27"]
[EventType "swiss"]
[EventRounds "9"]
[EventCountry "GER"]
[SourceTitle "CBM 155 Extra"]
[Source "ChessBase"]
[SourceDate "2013.08.26"]
[SourceVersion "1"]
[SourceVersionDate "2013.08.26"]
[SourceQuality "1"]

1. e4 c5 2. Nf3 e6 3. d4 cxd4 4. Nxd4 Nc6 5. Nc3 Qc7 6. Be2 a6 7. Be3 Nf6 8. a3 b5 9. Nxc6 dxc6 10. f4 Bb7 11. Bf3 Be7 12. 0-0 c5 13. e5 Rd8 14. Qe1 Nd5 15. Nxd5 Bxd5 16. Qg3 g6 17. Rad1 Bxf3 18. Rxd8+ Qxd8 19. Qxf3 0-0 20. Qc6 Qc8 21. Qxc8 Rxc8 22. Rd1 Rc7 23. Kf2 h5 24. h3 Kf8 25. g4 hxg4 26. hxg4 Ke8 27. Rh1 Kf8 28. Rh8+ Kg7 29. Ra8 Rc6 30. Ra7 Bd8 31. Rd7 Bc7 32. Kf3 Kf8 33. Bf2 Ke8 34. Rd1 g5 35. Rh1 gxf4 36. Rh8+ Kd7 37. Ke4 Bd8 38. Rh7 Ke8 39. Rh8+ Kd7 40. Rh7 Ke8 41. Rh8+ 1/2-1/2

[Event "Dortmund Sparkassen op-A"]
[Site "Dortmund"]
[Date "2013.07.27"]
[Round "1"]
[White "Algars, Olle"]
[Black "Simanowski, Mio"]
[Result "0-1"]
[WhiteElo "2090"]
[BlackElo "1864"]
[PlyCount "98"]
[EventDate "2013.07.27"]
[EventType "swiss"]
[EventRounds "9"]
[EventCountry "GER"]
[SourceTitle "CBM 155 Extra"]
[Source "ChessBase"]
[SourceDate "2013.08.26"]
[SourceVersion "1"]
[SourceVersionDate "2013.08.26"]
[SourceQuality "1"]

1. Nf3 d5 2. d4 Nf6 3. c4 c6 4. g3 e6 5. Bg2 Bb4+ 6. Nc3 Ne4 7. Qc2 Qa5 8. Bd2 Nxd2 9. Nxd2 Nd7 10. 0-0 0-0 11. e4 Nf6 12. a3 Bxc3 13. bxc3 Qc7 14. Rac1 b6 15. cxd5 cxd5 16. c4 Ba6 17. e5 Nd7 18. Qa4 Qb7 19. Rc3 Rac8 20. Rfc1 b5 21. cxb5 Bxb5 22. Qc2 Nb6 23. Rc5 Rxc5 24. dxc5 Rc8 25. Rb1 Qa6 26. Bf1 Bxf1 27. Nxf1 Nd7 28. Nd2 Nxe5 29. Qc3 Nd7 30. Nb3 Qc6 31. Nd4 Qxc5 32. Qxc5 Rxc5 33. Rb7 Nb6 34. Rxa7 h6 35. Ra6 Nc4 36. a4 Ra5 37. Rxa5 Nxa5 38. f3 Kf8 39. Kf2 Ke7 40. Ke3 Nc4+ 41. Ke2 Kd6 42. Nb3 Kc6 43. f4 Kb6 44. g4 Na5 45. Nd4 Kc5 46. Nb5 Nc4 47. h4 Nb2 48. h5 Nxa4 49. Nc7 Kd6 0-1

[Event "Ruhrgebiet VK1 1213"]
[Site "Nordrheinwestfalen"]
[Date "2013.04.07"]
[Round "8.4"]
[White "Simanowski, Mio"]
[Black "Gaessner, Markus"]
[Result "0-1"]
[WhiteElo "1833"]
[BlackElo "1744"]
[PlyCount "46"]
[EventDate "2012.09.02"]
[EventType "team-tourn"]
[EventRounds "9"]
[EventCountry "GER"]
[SourceTitle "EXT 2020"]
[Source "ChessBase"]
[SourceDate "2019.10.17"]
[SourceVersion "1"]
[SourceVersionDate "2019.10.17"]
[SourceQuality "1"]
[WhiteTeam "Muelheim Nord IV"]
[BlackTeam "Werne SK"]
[WhiteTeamCountry "GER"]
[BlackTeamCountry "GER"]

1. e4 e6 2. d4 d5 3. exd5 exd5 4. Nf3 Bg4 5. h3 Bh5 6. Be2 Bd6 7. 0-0 Nf6 8. Bg5 0-0 9. Nh4 Bxe2 10. Qxe2 c6 11. Nf5 Na6 12. f4 Re8 13. Qf2 Re6 14. Nd2 Qd7 15. Qg3 Ne8 16. Nf3 Re4 17. Qg4 Qe6 18. Rae1 h5 19. Nxg7 hxg4 20. Nxe6 gxf3 21. Nc5 Nxc5 22. dxc5 Bxc5+ 23. Kh1 f2 0-1

[Event "Ruhrgebiet VK1 1213"]
[Site "Nordrheinwestfalen"]
[Date "2013.02.03"]
[Round "6.4"]
[White "Simanowski, Mio"]
[Black "Dewald, Christian"]
[Result "1/2-1/2"]
[WhiteElo "1833"]
[BlackElo "1873"]
[PlyCount "59"]
[EventDate "2012.09.02"]
[EventType "team-tourn"]
[EventRounds "9"]
[EventCountry "GER"]
[SourceTitle "EXT 2020"]
[Source "ChessBase"]
[SourceDate "2019.10.17"]
[SourceVersion "1"]
[SourceVersionDate "2019.10.17"]
[SourceQuality "1"]
[WhiteTeam "Muelheim Nord IV"]
[BlackTeam "Buer Hassel"]
[WhiteTeamCountry "GER"]
[BlackTeamCountry "GER"]

1. e4 c5 2. Nf3 d6 3. d4 cxd4 4. Qxd4 Nc6 5. Bb5 Bd7 6. Bxc6 Bxc6 7. c4 e5 8. Qd3 Nf6 9. Nc3 Be7 10. 0-0 0-0 11. Bg5 Nh5 12. Bxe7 Qxe7 13. Ne2 f5 14. Nd2 Qg5 15. f3 Nf4 16. Nxf4 Qxf4 17. exf5 Rxf5 18. g3 Rg5 19. Ne4 Rg6 20. b4 b6 21. Kg2 Qf5 22. Rad1 Rd8 23. Nc3 Qxd3 24. Rxd3 Rf6 25. Nd5 Rf7 26. Rfd1 Rdf8 27. Re3 h6 28. Rdd3 Bb7 29. Nc3 Rc8 30. Nb5 1/2-1/2

[Event "GER-chT U16"]
[Site "Naumburg"]
[Date "2012.12.29"]
[Round "5"]
[White "Simanowski, Mio"]
[Black "Richter, Leonard"]
[Result "0-1"]
[WhiteElo "1887"]
[BlackElo "2010"]
[PlyCount "78"]
[EventDate "2012.12.27"]
[EventType "team-swiss"]
[EventRounds "7"]
[EventCountry "GER"]
[SourceTitle "EXT 2014"]
[Source "ChessBase"]
[SourceDate "2013.11.20"]
[SourceVersion "1"]
[SourceVersionDate "2013.11.20"]
[SourceQuality "1"]
[WhiteTeam "Muelheim Nord"]
[BlackTeam "Leipzig BSG"]
[WhiteTeamCountry "GER"]
[BlackTeamCountry "GER"]

1. e4 c5 2. Nf3 d6 3. d4 cxd4 4. Qxd4 Nc6 5. Bb5 Bd7 6. Bxc6 Bxc6 7. c4 Nf6 8. Nc3 e6 9. Bg5 Be7 10. 0-0 0-0 11. Rad1 Qa5 12. Qe3 Rad8 13. h3 h6 14. Bh4 Rfe8 15. Bg3 d5 16. cxd5 exd5 17. e5 Bc5 18. Qd2 Nh5 19. Bh4 Rd7 20. g4 d4 21. Ne4 Bb4 22. Qc2 d3 23. Qc4 Nf4 24. Nf6+ gxf6 25. Qxf4 fxe5 26. Qxh6 Bf8 27. Qg5+ Bg7 28. Ne1 d2 29. Nc2 Qd5 30. f3 Qc5+ 31. Ne3 f6 32. Qg6 Qxe3+ 33. Bf2 Qxf3 34. Qxe8+ Bf8 35. Qe6+ Kh8 36. Qxf6+ Qxf6 37. Be3 Bf3 38. Bxd2 Bc5+ 39. Kh2 Rxd2+ 0-1

[Event "GER-chT U16"]
[Site "Naumburg"]
[Date "2012.12.27"]
[Round "2"]
[White "Schulz, Lukas"]
[Black "Simanowski, Mio"]
[Result "1/2-1/2"]
[WhiteElo "1886"]
[BlackElo "1887"]
[PlyCount "50"]
[EventDate "2012.12.27"]
[EventType "team-swiss"]
[EventRounds "7"]
[EventCountry "GER"]
[SourceTitle "EXT 2014"]
[Source "ChessBase"]
[SourceDate "2013.11.20"]
[SourceVersion "1"]
[SourceVersionDate "2013.11.20"]
[SourceQuality "1"]
[WhiteTeam "Hoechstadt/Aisch"]
[BlackTeam "Muelheim Nord"]
[WhiteTeamCountry "GER"]
[BlackTeamCountry "GER"]

1. e4 e5 2. f4 Bc5 3. Nf3 d6 4. Nc3 Nd7 5. Na4 Bb6 6. Nxb6 axb6 7. Bc4 Ngf6 8. d3 exf4 9. Bxf4 0-0 10. 0-0 Nc5 11. Bg5 Be6 12. Nd4 Bxc4 13. Bxf6 gxf6 14. dxc4 Kh8 15. Rf4 Rg8 16. Nf5 Rg6 17. Kh1 Ne6 18. Rh4 Ng5 19. Qd5 Rb8 20. Rf1 Qe8 21. Rhf4 Ne6 22. R4f2 Nc5 23. Ng3 Nd7 24. Nh5 Qe7 25. Qd4 Re8 1/2-1/2

[Event "Dortmund Sparkassen op-A"]
[Site "Dortmund"]
[Date "2012.07.21"]
[Round "8"]
[White "Simanowski, Mio"]
[Black "Hecht, Carsten"]
[Result "0-1"]
[WhiteElo "1858"]
[BlackElo "2050"]
[PlyCount "66"]
[EventDate "2012.07.14"]
[EventType "swiss"]
[EventRounds "9"]
[EventCountry "GER"]
[SourceTitle "CBM 149 Extra"]
[Source "ChessBase"]
[SourceDate "2012.08.24"]
[SourceVersion "1"]
[SourceVersionDate "2012.08.24"]
[SourceQuality "1"]

1. e4 c5 2. Nf3 e6 3. d4 cxd4 4. Nxd4 Nc6 5. Nc3 Qc7 6. Be2 a6 7. 0-0 Nf6 8. Be3 Be7 9. f4 d6 10. Qe1 0-0 11. Qg3 Nxd4 12. Bxd4 b5 13. e5 dxe5 14. Bxe5 Qb6+ 15. Kh1 Bb7 16. Bd3 g6 17. Qh4 Qc6 18. Qh3 b4 19. Ne2 Nd7 20. Nd4 Qd5 21. Nf3 Nxe5 22. Nxe5 Bf6 23. Bc4 Qc5 24. Nd7 Qxc4 25. Nxf6+ Kg7 26. Nd7 Rfd8 27. Nb6 Qxc2 28. Rac1 Qxb2 29. Rc7 Ra7 30. Rfc1 Qd4 31. Rxf7+ Kxf7 32. Rc7+ Kf8 33. Qh6+ Ke8 0-1

[Event "Dortmund Sparkassen op-A"]
[Site "Dortmund"]
[Date "2011.07.23"]
[Round "1"]
[White "Strathoff, Jens"]
[Black "Simanowski, Mio"]
[Result "1-0"]
[WhiteElo "2098"]
[BlackElo "1833"]
[PlyCount "95"]
[EventDate "2011.07.23"]
[EventType "swiss"]
[EventRounds "9"]
[EventCountry "GER"]
[SourceTitle "CBM 143 Extra"]
[Source "ChessBase"]
[SourceDate "2011.08.29"]
[SourceVersion "1"]
[SourceVersionDate "2011.08.29"]
[SourceQuality "1"]

1. e4 e5 2. Nf3 Nc6 3. Bc4 Bc5 4. c3 Nf6 5. d4 exd4 6. e5 d5 7. Bb5 Nd7 8. cxd4 Bb4+ 9. Bd2 Bxd2+ 10. Nbxd2 0-0 11. 0-0 Re8 12. Qc2 Ne7 13. Ng5 Ng6 14. f4 c6 15. Bd3 Ndf8 16. g3 f6 17. Ngf3 Bh3 18. Rf2 fxe5 19. dxe5 Qd7 20. Ng5 Qg4 21. Nxh3 Qxh3 22. Bf5 Qh6 23. Nf3 Ne7 24. Bd3 g6 25. Ng5 Nd7 26. Ne6 Rac8 27. b4 Kh8 28. Ng5 Kg8 29. Re1 Rf8 30. e6 Nf6 31. Nf7 Qg7 32. Qc5 Rc7 33. Qxa7 Ng4 34. Rfe2 Qc3 35. Qb6 Rcc8 36. Qc5 Qxd3 37. Qxe7 Qd4+ 38. Kg2 b6 39. Ng5 Qg7 40. Qf7+ Qxf7 41. exf7+ Kh8 42. Re8 Nf6 43. Rxf8+ Rxf8 44. Re6 Kg7 45. Rxc6 Ra8 46. Rxf6 Kxf6 47. f8Q+ Rxf8 48. Nxh7+ 1-0

[Event "GER-chT U14"]
[Site "Magdeburg"]
[Date "2010.12.29"]
[Round "6.1"]
[White "Meissner, Peter"]
[Black "Simanowski, Mio"]
[Result "0-1"]
[WhiteElo "1571"]
[BlackElo "1667"]
[PlyCount "86"]
[EventDate "2010.12.27"]
[EventType "team-swiss"]
[EventRounds "7"]
[EventCountry "GER"]
[SourceTitle "CBM 140 Extra"]
[Source "ChessBase"]
[SourceDate "2011.03.01"]
[SourceVersion "1"]
[SourceVersionDate "2011.03.01"]
[SourceQuality "1"]
[WhiteTeam "Brackweda"]
[BlackTeam "Muelheim Nord"]
[WhiteTeamCountry "GER"]
[BlackTeamCountry "GER"]

1. e4 e5 2. Nf3 Nc6 3. d4 exd4 4. Nxd4 Nf6 5. Nxc6 bxc6 6. e5 Nd5 7. c4 Nb6 8. Nc3 Ba6 9. b3 Bb4 10. Bb2 Qg5 11. Qd4 Bb7 12. c5 Nd5 13. g3 Qe7 14. a3 Bxc5 15. Qe4 Bxf2+ 16. Kxf2 Qc5+ 17. Kg2 Nxc3 18. Bxc3 Qxc3 19. Bc4 Qd2+ 20. Kf3 Qg5 21. Rhf1 Qg6 22. Qf4 0-0 23. Rad1 Rad8 24. g4 d6 25. Kg3 Bc8 26. Rf3 d5 27. Bd3 Qe6 28. Rg1 f6 29. Rgf1 Rde8 30. Qa4 Qxe5+ 31. Kg2 Qd6 32. h3 Bd7 33. b4 c5 34. Qc2 h6 35. bxc5 Qe6 36. R1f2 Bc6 37. Re2 Qd7 38. Kg1 Rxe2 39. Bxe2 Re8 40. Rf2 Re3 41. Qg6 Qe8 42. Rxf6 Qxg6 43. Rxg6 Be8 0-1